| 000 | 00855nam a2200253Ia 4500 | ||
|---|---|---|---|
| 003 | OSt | ||
| 005 | 20220923211108.0 | ||
| 006 | a|||||r|||| 00| 0 | ||
| 007 | ta | ||
| 008 | Pun | ||
| 020 |
_a8180590784 (hbk) _c150 |
||
| 024 | _a281,615 | ||
| 037 |
_b868, 14/08/2014, H.K. Prakashan _cTextual |
||
| 040 |
_aARTS _cARTS _bPun |
||
| 041 |
_2Pun _aPun |
||
| 082 | _aO153,1:gN, Q3 | ||
| 100 |
_aਰੰਧਾਵਾ, ਸਤਨਾਮ _9158166 |
||
| 245 | 0 | _aਆਧੁਨਿਕ ਪੰਜਾਬੀ ਕਾਵਿ ਦੇ ਪ੍ਰਮੁੱਖ ਹਸਤਾਖਰ | |
| 260 |
_aਦਿੱਲੀ _b F੍ਰੀ ਪ੍ਰਕਾFਨ _c2013 |
||
| 300 |
_a112ਪੰ _ccm. |
||
| 650 | _aਪੰਜਾਬੀ ਸਾਹਿਤ | ||
| 942 |
_hO153,1:gN, Q3 _cTEXL _2CC |
||
| 999 |
_c295162 _d295162 |
||